[Event "Int. Stuttgarter Stadtmeisterschaft B"]
[Site "Ditzingen"]
[Date "2012.05.17"]
[Round "1.28"]
[White "Zeitler, Waldemar"]
[Black "Bälz, Jürgen"]
[Result "0-1"]
[WhiteElo "1596"]
[BlackElo "1795"]
[PlyCount "150"]
[EventDate "2012.??.??"]
[WhiteTeam "SC Gross-Sachsenheim"]
[BlackTeam "TSV Willsbach"]

1. d4 Nf6 2. Nc3 d5 3. f4 e6 4. Nf3 c5 5. e3 Nc6 6. Bb5 Bd7 7. O-O Qb6 8. Bxc6
Bxc6 9. Ne5 Rc8 10. a3 Be7 11. Ne2 Bb5 12. a4 Bxe2 13. Qxe2 O-O 14. a5 Qc7 15.
c3 Ne4 16. Qb5 Rfd8 17. a6 b6 18. Qe2 cxd4 19. exd4 f6 20. Ng4 Qc4 21. Qxc4
Rxc4 22. Ne3 Rc6 23. g3 Nd6 24. Bd2 Ne8 25. Kg2 Nc7 26. Ra2 b5 27. Ra5 Rdd6 28.
Rfa1 Rxa6 29. Rxa6 Rxa6 30. Rxa6 Nxa6 31. f5 Kf7 32. fxe6+ Kxe6 33. Nc2 f5 34.
h4 h6 35. b4 Nb8 36. Ne1 Nd7 37. Nd3 Nf6 38. Nf4+ Kf7 39. Kf3 Bd6 40. Nd3 Ne4
41. Be1 g5 42. hxg5 hxg5 43. g4 Kg6 44. Nc5 fxg4+ 45. Kxg4 Nf6+ 46. Kf3 Kf5 47.
Nb7 g4+ 48. Kg2 Bf4 49. Nd8 Ne4 50. Nc6 a6 51. Ne7+ Ke6 52. Nc6 Bd6 53. Na5 Kf5
54. Nb3 Kf4 55. Nc5 Ke3 56. Nxa6 Ke2 57. Bh4 Nxc3 58. Bg3 Bxg3 59. Kxg3 Ke3 60.
Kxg4 Kxd4 61. Kf3 Kc4 62. Ke3 d4+ 63. Kd2 Nd5 64. Nc5 Nxb4 65. Ne4 Nc6 66. Nd6+
Kb4 67. Kd3 Ka4 68. Ne4 b4 69. Kc4 Ka3 70. Nc5 Kb2 71. Nd3+ Ka3 72. Nc5 Na5+
73. Kxd4 Nb3+ 74. Nxb3 Kxb3 75. Kd3 Ka2 0-1

[Event "Int. Stuttgarter Stadtmeisterschaft B"]
[Site "Ditzingen"]
[Date "2012.05.17"]
[Round "1.29"]
[White "Drapkin, Marc"]
[Black "Pfeilsticker, Thorsten"]
[Result "0-1"]
[WhiteElo "1793"]
[BlackElo "1591"]
[PlyCount "44"]
[EventDate "2012.??.??"]
[WhiteTeam "SV Dicker Turm Esslingen"]
[BlackTeam "SV Stuttgart-Wolfbusch 1956 e.V."]

1. e4 a6 2. Bc4 e6 3. a4 c5 4. Nf3 Nc6 5. Nc3 d6 6. d3 b6 7. O-O Be7 8. h3 Nf6
9. Nh2 Bb7 10. Re1 Qd7 11. Ng4 h5 12. Nxf6+ Bxf6 13. Bd2 O-O-O 14. Rb1 g5 15.
Qf3 Qe7 16. Qd1 g4 17. hxg4 hxg4 18. Qxg4 Rh4 19. Qg3 Rdh8 20. f4 Rh1+ 21. Kf2
Rxe1 22. Rxe1 Bh4 0-1

[Event "Int. Stuttgarter Stadtmeisterschaft B"]
[Site "Ditzingen"]
[Date "2012.05.17"]
[Round "1.30"]
[White "Beutler, Kevin"]
[Black "Mayer, Dietmar"]
[Result "1/2-1/2"]
[WhiteElo "1585"]
[BlackElo "1785"]
[PlyCount "46"]
[EventDate "2012.??.??"]
[WhiteTeam "SF Simmersfeld"]
[BlackTeam "SC Böblingen 1975 e.V."]

1. e4 d5 2. exd5 Nf6 3. Nf3 Nxd5 4. d4 Bf5 5. Bd3 Bxd3 6. Qxd3 e6 7. O-O Nd7 8.
Re1 Be7 9. Nbd2 O-O 10. Ne4 c5 11. Nfg5 cxd4 12. Qxd4 Nb4 13. Re2 Nb6 14. Qxd8
Rfxd8 15. Be3 Nc4 16. c3 Nxe3 17. fxe3 Nc6 18. Rf1 Ne5 19. Ref2 Rf8 20. Nh3
Rad8 21. Nf4 Rd7 22. g3 Rfd8 23. h4 Rd1 1/2-1/2

[Event "Int. Stuttgarter Stadtmeisterschaft B"]
[Site "Ditzingen"]
[Date "2012.05.17"]
[Round "1.31"]
[White "Tölg, Wolfgang"]
[Black "Weis, Olga"]
[Result "1-0"]
[WhiteElo "1776"]
[BlackElo "1583"]
[PlyCount "47"]
[EventDate "2012.??.??"]
[WhiteTeam "SF Oeffingen e.V."]
[BlackTeam "OSG Baden-Baden"]

1. e4 d5 2. exd5 Qxd5 3. d4 Nf6 4. Nf3 Bg4 5. Be2 Nc6 6. c4 Qh5 7. h3 O-O-O 8.
d5 e6 9. O-O Bxf3 10. Bxf3 Qf5 11. g4 Qg6 12. Nc3 exd5 13. cxd5 Bc5 14. Qa4 Qd3
15. Bg2 Ne7 16. Rd1 Qg3 17. Qf4 Qxf4 18. Bxf4 Bb4 19. d6 cxd6 20. Nb5 a6 21.
Nxd6+ Bxd6 22. Bxd6 Ng6 23. Rac1+ Kd7 24. Bc7+ 1-0

[Event "Int. Stuttgarter Stadtmeisterschaft B"]
[Site "Ditzingen"]
[Date "2012.05.17"]
[Round "1.32"]
[White "Zaytsev, Evgeny"]
[Black "Steinmassl, Guido"]
[Result "1-0"]
[WhiteElo "1768"]
[BlackElo "1567"]
[PlyCount "63"]
[EventDate "2012.??.??"]
[WhiteTeam "Stuttgarter SF 1879"]
[BlackTeam "SK e4 Gerlingen"]

1. e4 e5 2. Nf3 Nc6 3. Bc4 Bc5 4. d3 Nf6 5. O-O O-O 6. Nc3 h6 7. a3 a5 8. Nd5
Rb8 9. b4 axb4 10. axb4 Nxb4 11. Nxb4 Bxb4 12. Nxe5 d5 13. exd5 Nxd5 14. Qf3
Be6 15. Rb1 Bc3 16. Ng4 h5 17. Ne3 Nxe3 18. Bxe3 Bg4 19. Qf4 Qe7 20. Rb5 b6 21.
f3 c6 22. Rxb6 Rxb6 23. Bxb6 Be6 24. Bf2 Qb4 25. Qe4 Bxc4 26. dxc4 Qa4 27. Qd3
Bf6 28. Qb3 Qa5 29. Rd1 Re8 30. Kf1 Be5 31. Re1 Qd2 32. Rxe5 1-0

[Event "Int. Stuttgarter Stadtmeisterschaft B"]
[Site "Ditzingen"]
[Date "2012.05.17"]
[Round "1.33"]
[White "Gomer, Dieter"]
[Black "Wohlfahrt, Michael"]
[Result "1-0"]
[WhiteElo "1565"]
[BlackElo "1767"]
[PlyCount "89"]
[EventDate "2012.??.??"]
[WhiteTeam "SV Balingen"]
[BlackTeam "TSF Welzheim"]

1. c4 e5 2. Nc3 Bb4 3. e4 Nf6 4. d3 O-O 5. Nf3 d6 6. Be2 h6 7. O-O Bxc3 8. bxc3
Be6 9. Qc2 Nfd7 10. Ne1 f5 11. d4 f4 12. Nf3 Qf6 13. Qb2 b6 14. Rd1 g5 15. Bf1
g4 16. Ne1 h5 17. Qd2 Kh7 18. f3 Qh4 19. g3 Qf6 20. Bg2 Bxc4 21. fxg4 hxg4 22.
dxe5 dxe5 23. gxf4 Rf7 24. f5 Na6 25. Qg5 Qxg5 26. Bxg5 Rg8 27. Be3 Nac5 28.
Rd2 Na4 29. Rad1 Nf6 30. Rc2 Rgg7 31. Rdd2 Rd7 32. Kf2 Rxd2+ 33. Bxd2 Nc5 34.
Ke3 Rd7 35. Rb2 Kh6 36. a3 a5 37. Bc1 Nd3 38. Nxd3 Rxd3+ 39. Kf2+ Kh5 40. Be3
Rxc3 41. Rd2 Bd3 42. a4 Rc2 43. h3 gxh3 44. Kg3 Rxd2 45. Bf3+ 1-0

[Event "Int. Stuttgarter Stadtmeisterschaft B"]
[Site "Ditzingen"]
[Date "2012.05.17"]
[Round "1.34"]
[White "Büchele, Markus"]
[Black "Bausch, Raimund"]
[Result "1-0"]
[WhiteElo "1760"]
[BlackElo "1559"]
[PlyCount "53"]
[EventDate "2012.??.??"]
[WhiteTeam "SpVgg Rommelshausen"]
[BlackTeam "Stuttgarter SF 1879"]

1. d4 d5 2. Nf3 Nf6 3. e3 Bg4 4. c4 c6 5. cxd5 Nxd5 6. Nc3 e6 7. Be2 Nd7 8. e4
N5f6 9. a3 Be7 10. O-O Bh5 11. Bg5 Bg6 12. e5 Nd5 13. Bxe7 Nxe7 14. Nh4 Nf5 15.
Nxf5 Bxf5 16. f4 g5 17. g4 gxf4 18. gxf5 Qg5+ 19. Kh1 O-O-O 20. Ne4 Qg7 21.
Nd6+ Kb8 22. Qb3 Nb6 23. f6 Qf8 24. Nc4 Nd5 25. Na5 Rd7 26. Nxc6+ Ka8 27. Nxa7
1-0

[Event "Int. Stuttgarter Stadtmeisterschaft B"]
[Site "Ditzingen"]
[Date "2012.05.17"]
[Round "1.35"]
[White "Shankar, Ajay"]
[Black "Bried, Martin"]
[Result "0-1"]
[WhiteElo "1554"]
[BlackElo "1756"]
[PlyCount "52"]
[EventDate "2012.??.??"]
[WhiteTeam "SG Königskinder Hohentübingen e."]
[BlackTeam "SpVgg Rommelshausen"]

1. d4 e6 2. c4 d5 3. Nc3 Bb4 4. e3 Nf6 5. Bd3 O-O 6. Nf3 dxc4 7. Bxc4 c5 8. O-O
cxd4 9. Qxd4 Nc6 10. Qxd8 Rxd8 11. a3 Bxc3 12. bxc3 b6 13. Re1 Bb7 14. Bb2 Rac8
15. Ng5 Ne5 16. Nxe6 Rd2 17. Bc1 Rd6 18. Ba2 fxe6 19. e4 Nfd7 20. Bb2 Nc4 21.
Red1 Rxd1+ 22. Rxd1 Nf6 23. Bc1 Bxe4 24. Rd4 Bd5 25. Bb1 a6 26. Rd3 Be4 0-1

[Event "Int. Stuttgarter Stadtmeisterschaft B"]
[Site "Ditzingen"]
[Date "2012.05.17"]
[Round "1.36"]
[White "Hennig, Jan"]
[Black "Dallinger, Moritz"]
[Result "1/2-1/2"]
[WhiteElo "1753"]
[BlackElo "1547"]
[PlyCount "97"]
[EventDate "2012.??.??"]
[WhiteTeam "SF 59 Kornwestheim"]
[BlackTeam "SV Stuttgart-Wolfbusch 1956 e.V."]

1. c4 Nf6 2. Nc3 e6 3. g3 Bb4 4. Bg2 O-O 5. Nf3 Nc6 6. a3 Bxc3 7. bxc3 b6 8.
O-O Na5 9. d3 c5 10. Bf4 d6 11. Nd2 Bb7 12. d4 Bxg2 13. Kxg2 Qd7 14. e4 Rfe8
15. Bg5 Rac8 16. Bxf6 gxf6 17. Qg4+ Kf8 18. d5 Ke7 19. Rfe1 Rg8 20. Qh4 Rh8 21.
e5 dxe5 22. Rxe5 Qd6 23. Rae1 Rcg8 24. dxe6 fxe6 25. Rxe6+ Qxe6 26. Rxe6+ Kxe6
27. Qe4+ Kf7 28. Qd5+ Ke7 29. Ne4 Rd8 30. Qf5 Rhf8 31. Qxh7+ Rf7 32. Qf5 Nxc4
33. Nxc5 bxc5 34. Qxc5+ Nd6 35. Qxa7+ Rd7 36. Qe3+ Kd8 37. a4 Nc4 38. Qc5 Ne5
39. h4 Ng4 40. a5 Rd2 41. Qb6+ Rc7 42. Kf3 f5 43. Kf4 Rxf2+ 44. Kg5 Kc8 45.
Qe6+ Kb8 46. Qd6 Kc8 47. Qf8+ Kb7 48. Qb4+ Kc8 49. Qf8+ 1/2-1/2

[Event "Int. Stuttgarter Stadtmeisterschaft B"]
[Site "Ditzingen"]
[Date "2012.05.17"]
[Round "1.37"]
[White "Su, Jahn"]
[Black "Tönjes, Jürgen"]
[Result "1/2-1/2"]
[WhiteElo "1545"]
[BlackElo "1753"]
[PlyCount "75"]
[EventDate "2012.??.??"]
[WhiteTeam "Spvgg Böblingen"]
[BlackTeam "SF Lilienthal von 1971"]

1. e4 e5 2. Nf3 Nc6 3. Bc4 Nf6 4. d3 Bc5 5. O-O O-O 6. c3 d6 7. Bg5 h6 8. Be3
Bb6 9. h3 Be6 10. Nbd2 Bxe3 11. fxe3 a6 12. a4 Na5 13. Ba2 Bxa2 14. Rxa2 c5 15.
Nb3 Qb6 16. Nxa5 Qxa5 17. Nh4 Qd8 18. Nf5 Kh7 19. Qf3 Ne8 20. Qg3 g6 21. Nh4
Qg5 22. Qxg5 hxg5 23. Nf3 f6 24. Nxg5+ Kg8 25. Nf3 Ng7 26. b3 a5 27. Nd2 Kf7
28. Nc4 Ke6 29. Raf2 Ra6 30. g4 g5 31. Na3 Ke7 32. Nb5 Ne6 33. Kg2 Rc6 34. Kg3
Rcc8 35. c4 Nc7 36. Nc3 Rf7 37. Rd2 Rd8 38. Rdf2 1/2-1/2

[Event "Int. Stuttgarter Stadtmeisterschaft B"]
[Site "Ditzingen"]
[Date "2012.05.17"]
[Round "1.38"]
[White "Schneider, Stephan"]
[Black "Gorb, Eugeniusz"]
[Result "0-1"]
[WhiteElo "1751"]
[BlackElo "1543"]
[PlyCount "72"]
[EventDate "2012.??.??"]
[WhiteTeam "SG Schramberg-Lauterbach"]
[BlackTeam "SC Gross-Sachsenheim"]

1. d4 d5 2. c4 Nf6 3. g3 e6 4. Nf3 c5 5. Bg2 Nc6 6. O-O Qb6 7. e3 dxc4 8. dxc5
Bxc5 9. Nc3 O-O 10. Na4 Qb5 11. Nxc5 Qxc5 12. Bd2 Rd8 13. Qc2 b5 14. a4 Rb8 15.
axb5 Qxb5 16. Bc3 e5 17. Qa4 a6 18. Nd2 Nd5 19. Bxd5 Qxd5 20. Nxc4 Bh3 21. e4
Qxe4 22. f3 Qg6 23. Rfd1 Qf6 24. f4 Nd4 25. Bxd4 exd4 26. Qxa6 Qe7 27. Re1 Qb4
28. Ne5 Qxb2 29. Ra2 Qc3 30. Qe2 Re8 31. Rc2 Qb3 32. Qh5 g6 33. Qxh3 Qxc2 34.
Qd7 Qa2 35. Qxd4 f6 36. Ra1 fxe5 0-1

[Event "Int. Stuttgarter Stadtmeisterschaft B"]
[Site "Ditzingen"]
[Date "2012.05.17"]
[Round "1.39"]
[White "Sigmund, Wolfgang"]
[Black "Wenzel, Ulrich"]
[Result "1/2-1/2"]
[WhiteElo "1540"]
[BlackElo "1746"]
[PlyCount "49"]
[EventDate "2012.??.??"]
[WhiteTeam "SC Eberbach"]
[BlackTeam "TSF Ditzingen"]

1. d4 Nf6 2. Nf3 e6 3. Bg5 Be7 4. e3 b6 5. c4 Bb7 6. Nc3 O-O 7. Bd3 h6 8. h4 d5
9. cxd5 Nxd5 10. Bxe7 Qxe7 11. Rc1 Nd7 12. Kf1 c5 13. Qe2 Rac8 14. Ba6 Nxc3 15.
bxc3 Bxa6 16. Qxa6 cxd4 17. exd4 Nf6 18. Qe2 Qa3 19. Qc2 Rc7 20. c4 Rfc8 21.
Ne5 Qd6 22. Qd3 Rd8 23. Rd1 Nd7 24. Nf3 Nf6 25. Ne5 1/2-1/2

[Event "Int. Stuttgarter Stadtmeisterschaft B"]
[Site "Ditzingen"]
[Date "2012.05.17"]
[Round "1.40"]
[White "Prinz, Philipp"]
[Black "Gampper, Steffen"]
[Result "0-1"]
[WhiteElo "1741"]
[BlackElo "1539"]
[PlyCount "58"]
[EventDate "2012.??.??"]
[WhiteTeam "SV Balingen"]
[BlackTeam "SC Murrhardt 1948 e.V."]

1. Nf3 Nf6 2. c4 g6 3. d4 Bg7 4. Nc3 O-O 5. e4 d6 6. Be2 c5 7. O-O cxd4 8. Nxd4
Nc6 9. Be3 Nxd4 10. Bxd4 a6 11. f3 Bd7 12. a4 a5 13. Be3 Qc7 14. Rc1 Rfc8 15.
g4 h6 16. h4 d5 17. Kg2 dxc4 18. g5 hxg5 19. hxg5 Nh5 20. f4 Bxc3 21. Rxc3 Rd8
22. Rxc4 Bc6 23. Qc1 Qd7 24. Qc3 Qe6 25. Bf3 Rac8 26. f5 Qd6 27. Bxh5 gxh5 28.
Bc5 Qd2+ 29. Kf3 Rd3+ 0-1

[Event "Int. Stuttgarter Stadtmeisterschaft B"]
[Site "Ditzingen"]
[Date "2012.05.17"]
[Round "1.41"]
[White "Haro, Niel"]
[Black "Notz, Lukas"]
[Result "0-1"]
[WhiteElo "1528"]
[BlackElo "1739"]
[PlyCount "86"]
[EventDate "2012.??.??"]
[WhiteTeam "Stuttgarter SF 1879"]
[BlackTeam "SV Dettingen Erms"]

1. d4 c6 2. c4 d5 3. e3 Nf6 4. Nc3 e6 5. Qc2 Nbd7 6. Bd2 Be7 7. Nf3 a5 8. a4
Bb4 9. Bd3 Qc7 10. h3 e5 11. dxe5 Nxe5 12. Nxe5 Qxe5 13. O-O-O dxc4 14. Bxc4
Bf5 15. Qb3 O-O 16. f4 Qe7 17. g4 Be6 18. f5 Bxc4 19. Qxc4 Bxc3 20. Bxc3 Qxe3+
21. Kb1 Qe4+ 22. Qd3 Rfd8 23. Qc2 Qxc2+ 24. Kxc2 Rxd1 25. Rxd1 Nd5 26. Bd2 g6
27. Re1 Rd8 28. Bxa5 Ra8 29. f6 Nxf6 30. Bc3 Nd5 31. b3 f6 32. Bd2 Kf7 33. Kd3
Rd8 34. Kc2 Rd6 35. Rf1 Re6 36. g5 f5 37. Rf3 Re4 38. Rf2 Ke6 39. Kb2 f4 40.
Kc2 Kf5 41. a5 Nb4+ 42. Kc3 Kxg5 43. Rxf4 Nd5+ 0-1

[Event "Int. Stuttgarter Stadtmeisterschaft B"]
[Site "Ditzingen"]
[Date "2012.05.17"]
[Round "1.42"]
[White "Hornung, Richard"]
[Black "Baumeister, Lukas"]
[Result "1-0"]
[WhiteElo "1738"]
[BlackElo "1525"]
[PlyCount "53"]
[EventDate "2012.??.??"]
[WhiteTeam "SG Schwabing München Nord e.V."]
[BlackTeam "SV Rottweil"]

1. Nf3 d5 2. d4 Nf6 3. e3 Bg4 4. Be2 e6 5. O-O c5 6. c3 Nc6 7. Nbd2 Bd6 8. Ne1
Bxe2 9. Qxe2 O-O 10. f4 Qc7 11. Nd3 c4 12. Ne5 b5 13. Kh1 a5 14. g4 Nd7 15. g5
f6 16. Nxc6 Qxc6 17. gxf6 Nxf6 18. Rg1 Rf7 19. Nf3 Ne4 20. Ng5 Nxg5 21. Rxg5
Raf8 22. Bd2 Kh8 23. Qg2 b4 24. Rg1 Rg8 25. Qh3 h6 26. Qxe6 hxg5 27. Qh3# 1-0

[Event "Int. Stuttgarter Stadtmeisterschaft B"]
[Site "Ditzingen"]
[Date "2012.05.17"]
[Round "1.43"]
[White "Dirks, Alexander"]
[Black "Reinhold, Nils"]
[Result "1-0"]
[WhiteElo "1518"]
[BlackElo "1349"]
[PlyCount "117"]
[EventDate "2012.??.??"]
[WhiteTeam "SC Widdern"]
[BlackTeam "TSG Steinheim"]

1. e4 e5 2. Nf3 Nc6 3. d4 exd4 4. Nxd4 Nxd4 5. Qxd4 c5 6. Qd1 Nf6 7. Nc3 d6 8.
Bg5 Be7 9. Qd2 h6 10. Bf4 Be6 11. Rd1 a6 12. Bxd6 b5 13. f3 Qb6 14. Bxe7 Kxe7
15. Nd5+ Bxd5 16. exd5 Rhe8 17. c4 Kf8+ 18. Kf2 Rad8 19. b3 b4 20. g3 Re4 21.
Bd3 Rd4 22. Qc2 g6 23. Rhe1 Rd6 24. Qc1 g5 25. Bf5 Qa5 26. Rxd4 cxd4 27. Qd2
Qc5 28. Kg2 a5 29. Rd1 a4 30. Qxd4 Qxd4 31. Rxd4 axb3 32. axb3 Ke7 33. Kf2 Ra6
34. Ke3 Kd6 35. Rd3 Ra2 36. Rd2 Rxd2 37. Kxd2 Kc5 38. Kd3 Ne8 39. Ke4 f6 40.
Ke3 Nd6 41. Be6 f5 42. f4 g4 43. Ke2 Kd4 44. Kf1 Kc3 45. c5 Nb5 46. c6 Nd6 47.
c7 Kxb3 48. c8=Q Nxc8 49. Bxc8 Kc4 50. d6 b3 51. Bxf5 b2 52. d7 h5 53. d8=Q h4
54. Qd3+ Kb4 55. Qc2 hxg3 56. Qxb2+ Ka5 57. hxg3 Ka4 58. Bd7+ Ka5 59. Qb5# 1-0

[Event "Int. Stuttgarter Stadtmeisterschaft B"]
[Site "Ditzingen"]
[Date "2012.05.17"]
[Round "1.44"]
[White "Florio, Antonio"]
[Black "Thren, Christian"]
[Result "1-0"]
[WhiteElo "1737"]
[BlackElo "1518"]
[PlyCount "61"]
[WhiteTeam "SV Besigheim"]
[BlackTeam "Heilbronner SV"]


1. c4 d5 2. cxd5 Qxd5 3. Nc3 Qd6 4. d4 b6 5. e4 e6 6. Nf3 Bb7 7. Ne5 Nc6 8. Bb5
a6 9. Bxc6+ Bxc6 10. Bf4 Ne7 11. Ng6 Nxg6 12. Bxd6 Bxd6 13. d5 exd5 14. exd5
Bd7 15. Qe2+ Be7 16. d6 cxd6 17. Nd5 O-O 18. Nxe7+ Nxe7 19. Qxe7 Rfe8 20. Qxe8+
Rxe8+ 21. Kd2 Kf8 22. Rac1 Be6 23. a3 Bb3 24. Rhe1 d5 25. Rxe8+ Kxe8 26. Rc6 a5
27. Rxb6 a4 28. Rxb3 axb3 29. Kc3 Kd7 30. Kxb3 Ke6 31. Kc3 1-0

[Event "Int. Stuttgarter Stadtmeisterschaft B"]
[Site "Ditzingen"]
[Date "2012.05.17"]
[Round "1.46"]
[White "Zimmermann, Tobias"]
[Black "Giugno, Carmelo"]
[Result "1-0"]
[WhiteElo "1736"]
[BlackElo "1511"]
[PlyCount "45"]
[EventDate "2012.??.??"]
[WhiteTeam "SC Schachmatt Botnang"]
[BlackTeam "Stuttgarter SF 1879"]

1. e4 c5 2. Nf3 Nc6 3. d4 cxd4 4. Nxd4 Nf6 5. Nc3 a6 6. Be2 Qa5 7. O-O Nxd4 8.
Qxd4 e5 9. Qd3 Be7 10. Bg5 O-O 11. Qg3 d6 12. Bh6 Ne8 13. Nd5 Qd8 14. Be3 f5
15. Bb6 f4 16. Bxd8 fxg3 17. Nxe7+ Kh8 18. fxg3 Nf6 19. Nxc8 Rxc8 20. Bxf6 gxf6
21. c3 b5 22. Rad1 Rcd8 23. Rd5 1-0

[Event "Int. Stuttgarter Stadtmeisterschaft B"]
[Site "Ditzingen"]
[Date "2012.05.17"]
[Round "1.47"]
[White "Wunder, Anton"]
[Black "Schmitz, Harald"]
[Result "1-0"]
[WhiteElo "1507"]
[BlackElo "1733"]
[PlyCount "89"]
[EventDate "2012.??.??"]
[WhiteTeam "Heilbronner SV"]
[BlackTeam "SG Fasanenhof"]

1. d4 Nf6 2. c4 g6 3. Nc3 d5 4. cxd5 Nxd5 5. e4 Nxc3 6. bxc3 c5 7. Bc4 Bg7 8.
Be3 Nc6 9. Ne2 O-O 10. O-O cxd4 11. cxd4 Bg4 12. f3 Na5 13. Bxf7+ Rxf7 14. fxg4
Rxf1+ 15. Qxf1 Nc4 16. Bf2 Nd2 17. Qd1 Nxe4 18. Qb3+ Kh8 19. Be3 Qd7 20. Re1
Rc8 21. d5 b6 22. h3 Nc5 23. Bxc5 Rxc5 24. Rd1 Be5 25. Qf3 Kg8 26. Rf1 Qe8 27.
Qe4 Bf6 28. Rxf6 Qd7 29. Qe6+ Qxe6 30. Rxe6 Kf7 31. Rc6 Rxd5 32. Rc7 Ra5 33.
Rc2 Ra4 34. Kf2 Ke6 35. Ke3 Ke5 36. Kd3 Ra3+ 37. Nc3 Kf4 38. Re2 e5 39. Kc2 Ra5
40. Kb3 Rc5 41. Re4+ Kg3 42. Re2 Kf4 43. Rf2+ Ke3 44. Rf7 Kd2 45. Ne4+ 1-0

[Event "Int. Stuttgarter Stadtmeisterschaft B"]
[Site "Ditzingen"]
[Date "2012.05.17"]
[Round "1.48"]
[White "Hupfer, Garlef"]
[Black "Kalwei, Reinhard"]
[Result "1-0"]
[WhiteElo "1685"]
[BlackElo "1491"]
[PlyCount "75"]
[EventDate "2012.??.??"]
[WhiteTeam "Ssg Fils-Lauter e. V."]
[BlackTeam "SC Aidlingen"]

1. e4 e6 2. d4 d5 3. Nd2 c5 4. exd5 cxd4 5. dxe6 Bxe6 6. Ngf3 Bc5 7. Nb3 Bb6 8.
Nfxd4 Bxd4 9. Nxd4 Bd7 10. Bc4 Qe7+ 11. Qe2 Qxe2+ 12. Nxe2 Nf6 13. O-O O-O 14.
Ng3 Nc6 15. h3 Rac8 16. Bb3 Nd4 17. c3 Nxb3 18. axb3 a6 19. Bg5 Nd5 20. Rad1
Bc6 21. c4 Nb4 22. Be7 a5 23. Bxf8 Kxf8 24. Rfe1 g6 25. Ne4 Bxe4 26. Rxe4 Na6
27. Re5 Nc5 28. Re3 f5 29. Rd6 Kf7 30. Rb6 Rc6 31. Rb5 b6 32. Re1 Rd6 33. b4
axb4 34. Rxb4 Nd3 35. Rd1 Ke7 36. Rb3 Nc5 37. Rxd6 Nxb3 38. Rxb6 1-0

[Event "Int. Stuttgarter Stadtmeisterschaft B"]
[Site "Ditzingen"]
[Date "2012.05.17"]
[Round "1.49"]
[White "Zuber, Erik"]
[Black "Heil, Rudolf"]
[Result "1/2-1/2"]
[WhiteElo "1458"]
[BlackElo "1722"]
[PlyCount "27"]
[EventDate "2012.??.??"]
[WhiteTeam "SK Schmiden/Cannstatt"]
[BlackTeam "SC Starnberg"]

1. d4 e5 2. dxe5 Nc6 3. Nf3 Qe7 4. Bf4 Qb4+ 5. Bd2 Qxb2 6. Nc3 Bb4 7. Rb1 Qa3
8. Nd5 Ba5 9. e3 Nge7 10. Bc4 Nxd5 11. Bxd5 Qe7 12. Bxa5 Nxa5 13. O-O Nc6 14.
Bxc6 1/2-1/2

[Event "Int. Stuttgarter Stadtmeisterschaft B"]
[Site "Ditzingen"]
[Date "2012.05.17"]
[Round "1.50"]
[White "Burkhardt, Adrian"]
[Black "Bohun, Roland"]
[Result "0-1"]
[WhiteElo "1709"]
[BlackElo "1437"]
[PlyCount "66"]
[EventDate "2012.??.??"]
[WhiteTeam "SF 59 Kornwestheim"]
[BlackTeam "DJK Sportbund Stuttgart e.V."]

1. e4 e5 2. Bb5 c6 3. Ba4 Nf6 4. d3 Qa5+ 5. Nc3 Bb4 6. Nge2 Qxa4 7. Bg5 Bxc3+
8. Nxc3 Qb4 9. Rb1 Qd6 10. Be3 Qe6 11. h3 d5 12. exd5 Nxd5 13. Ne4 Nxe3 14.
fxe3 Nd7 15. c4 f5 16. Nc3 O-O 17. b4 e4 18. d4 Qxc4 19. Qd2 Nf6 20. Rc1 Qxb4
21. Nxe4 Qxd2+ 22. Nxd2 Ne4 23. Nc4 Ng3 24. Rg1 Re8 25. Ne5 Be6 26. Rc2 Bd5 27.
Rb2 b5 28. a3 Re7 29. Rf2 g6 30. Rc2 Rc8 31. Kd2 a5 32. Rb1 Rcc7 33. Ke1 Be4
0-1

[Event "Int. Stuttgarter Stadtmeisterschaft B"]
[Site "Ditzingen"]
[Date "2012.05.17"]
[Round "1.52"]
[White "Gomer, Thomas"]
[Black "Wübbens, Carsten"]
[Result "1-0"]
[WhiteElo "1706"]
[BlackElo "1415"]
[PlyCount "35"]
[EventDate "2012.??.??"]
[WhiteTeam "SV Balingen"]
[BlackTeam "SF Freiberg"]

1. e4 e5 2. Bc4 Nf6 3. d4 Nc6 4. Nf3 exd4 5. Ng5 d5 6. exd5 Na5 7. Qxd4 Nxc4 8.
Qxc4 Nxd5 9. O-O Be7 10. Rd1 c6 11. Qe4 g6 12. c4 O-O 13. Qh4 Bxg5 14. Bxg5 f6
15. Bh6 Re8 16. cxd5 Qxd5 17. Nc3 Qf5 18. Qg3 1-0

[Event "Int. Stuttgarter Stadtmeisterschaft B"]
[Site "Ditzingen"]
[Date "2012.05.17"]
[Round "1.53"]
[White "Sieweck, Theodor"]
[Black "Ziegler, Michael"]
[Result "0-1"]
[WhiteElo "1411"]
[BlackElo "1702"]
[PlyCount "66"]
[EventDate "2012.??.??"]
[WhiteTeam "SV Rottweil"]
[BlackTeam "SF 59 Kornwestheim"]

1. e4 c5 2. Nf3 d6 3. d4 cxd4 4. Nxd4 Bd7 5. Bc4 Nf6 6. Nc3 g6 7. Be3 Bg7 8.
Qd2 O-O 9. Bh6 Nc6 10. Bxg7 Kxg7 11. O-O-O a6 12. f4 b5 13. Bd3 Nxd4 14. f5 Nc6
15. h4 h6 16. Rdg1 Ne5 17. Nd1 Bc6 18. Nf2 Nxd3+ 19. Qxd3 Qb6 20. Qe2 Qd4 21.
Re1 Qc4 22. g4 Rac8 23. g5 hxg5 24. hxg5 Nh5 25. Qe3 Qc5 26. Qd2 Rh8 27. Nd3
Qc4 28. c3 Bxe4 29. Rh4 gxf5 30. Reh1 Qxd3 31. Qxd3 Bxd3 32. Rxh5 Rxh5 33. Rxh5
Rh8 0-1

[Event "Int. Stuttgarter Stadtmeisterschaft B"]
[Site "Ditzingen"]
[Date "2012.05.17"]
[Round "1.54"]
[White "Hartmann, Anatoli"]
[Black "Greth, Andreas"]
[Result "1-0"]
[WhiteElo "1701"]
[BlackElo "1388"]
[PlyCount "67"]
[EventDate "2012.??.??"]
[WhiteTeam "SC Gross-Sachsenheim"]
[BlackTeam "SC Heitersheim"]

1. d4 e6 2. Bf4 c5 3. c3 Nf6 4. e3 Nc6 5. Nf3 Be7 6. Nbd2 O-O 7. Nb3 cxd4 8.
Nfxd4 Nd5 9. Bg3 f5 10. Be2 f4 11. exf4 Nxf4 12. O-O e5 13. Nxc6 dxc6 14. Bf3
Qc7 15. Be4 Be6 16. Qc2 g6 17. Bxf4 Rxf4 18. Bxg6 Rh4 19. Bf5 Bd5 20. g3 Rh6
21. Be4 Be6 22. Qd2 Rh5 23. Qe2 Rg5 24. f4 Bg4 25. Qc4+ Kg7 26. fxg5 Bxg5 27.
Na5 Be6 28. Qb4 c5 29. Qxb7 Qxb7 30. Bxb7 Re8 31. Rae1 Bc4 32. Be4 Bd8 33. Rf5
Bxa2 34. Ra1 1-0

[Event "Int. Stuttgarter Stadtmeisterschaft B"]
[Site "Ditzingen"]
[Date "2012.05.17"]
[Round "1.55"]
[White "Lin, Jean-Claude"]
[Black "Krämer, Heinz"]
[Result "0-1"]
[WhiteElo "1382"]
[BlackElo "1699"]
[PlyCount "90"]
[EventDate "2012.??.??"]
[WhiteTeam "SC Sillenbuch"]
[BlackTeam "Heilbronner SV"]

1. e4 e5 2. Nf3 Nc6 3. Bb5 a6 4. Ba4 Nf6 5. O-O Be7 6. Re1 b5 7. Bb3 O-O 8. c3
d5 9. exd5 Nxd5 10. Nxe5 Nxe5 11. Rxe5 c6 12. d4 Bd6 13. Bxd5 Bxe5 14. dxe5
Qxd5 15. Qxd5 cxd5 16. Bf4 f6 17. Nd2 fxe5 18. Bxe5 Bg4 19. h3 Bh5 20. g4 Bg6
21. f4 Rfe8 22. Kf2 Rac8 23. a3 Bc2 24. Nf3 h6 25. h4 Be4 26. Nd4 g5 27. hxg5
hxg5 28. Nf5 Rc6 29. Kg3 Rce6 30. Rd1 gxf4+ 31. Bxf4 Rf8 32. Re1 Bxf5 33. Rxe6
Bxe6 34. g5 Kh7 35. Kf3 Kg6 36. Ke3 Bf5 37. Kd4 Be4 38. Bd6 Rc8 39. Be7 Kf5 40.
b3 a5 41. Bc5 Kxg5 42. a4 bxa4 43. bxa4 Kf5 44. c4 Ke6 45. cxd5+ Bxd5 0-1

[Event "Int. Stuttgarter Stadtmeisterschaft B"]
[Site "Ditzingen"]
[Date "2012.05.17"]
[Round "1.56"]
[White "Hamm, Julian"]
[Black "Malheur, Lothar"]
[Result "1-0"]
[WhiteElo "1695"]
[BlackElo "1376"]
[PlyCount "63"]
[EventDate "2012.??.??"]
[WhiteTeam "Mönchfelder SV 1967"]
[BlackTeam "SF Birkenfeld"]

1. c4 g6 2. Nc3 Bg7 3. g3 Nf6 4. Bg2 O-O 5. Nf3 c6 6. O-O d6 7. d3 Nbd7 8. Bd2
e5 9. Rb1 Nc5 10. b4 Ne6 11. a4 a5 12. b5 Bd7 13. Qc2 Re8 14. Be3 Ng4 15. Bb6
Qxb6 16. bxc6 Qxc6 17. Nxe5 Qc5 18. Nxd7 Qd4 19. Nb5 Qa7 20. Nxa7 Nd4 21. Qd1
Nxe2+ 22. Kh1 Rxa7 23. Rxb7 Rxb7 24. Bxb7 Bd4 25. Bf3 Nc3 26. Qc2 Nxf2+ 27.
Rxf2 Re1+ 28. Kg2 f5 29. Rf1 Re7 30. Nb6 g5 31. Nd5 Nxd5 32. Bxd5+ 1-0